Public administration in India / (Record no. 38992)

MARC details
000 -LEADER
fixed length control field 01512nam a22002897a 4500
005 - DATE AND TIME OF LATEST TRANSACTION
control field 20100803145859.0
010 ## - LCCN (DPL NO)
LC control number ENG-97881 B-422899-901
020 ## - INTERNATIONAL STANDARD BOOK NUMBER
International Standard Book Number 9788120339798
Terms of availability 295.00
035 ## - SYSTEM CONTROL NUMBER
System control number EN-80414 B-422899-901
037 ## - SOURCE OF ACQUISITION
Source of stock number/acquisition DBAD/PUB
037 ## - SOURCE OF ACQUISITION
Source of stock number/acquisition K.K.Pub/Ven
082 ## - DEWEY DECIMAL CLASSIFICATION NUMBER
Classification number 351.54
100 ## - MAIN ENTRY--PERSONAL NAME
Personal name Sarkar,Siuli
245 ## - TITLE STATEMENT
Title Public administration in India /
Statement of responsibility, etc by Siuli Sarkar
260 ## - PUBLICATION, DISTRIBUTION, ETC. (IMPRINT)
Place of publication, distribution, etc New Delhi
Name of publisher, distributor, etc PHI Learning
Date of publication, distribution, etc 2010
270 ## - ADDRESS
Address M-97, Connaught Circus
City New Delhi
Postal code 110001
300 ## - PHYSICAL DESCRIPTION
Extent xii386p
Dimensions 24cm(pbk)
500 ## - GENERAL NOTE
General note includes index
650 ## - SUBJECT ADDED ENTRY--TOPICAL TERM
Topical term or geographic name as entry element Civil services
650 ## - SUBJECT ADDED ENTRY--TOPICAL TERM
Topical term or geographic name as entry element Public administration
942 ## - ADDED ENTRY ELEMENTS (KOHA)
Source of classification or shelving scheme Dewey Decimal Classification
Item type English Books
Classification part 351.54
Call number suffix SAR
Holdings
Withdrawn status Lost status Not for loan Collection code Home library Current library Date acquired Source of acquisition Cost, normal purchase price Full call number Barcode Copy number Cost, replacement price Koha item type Public note
      Non-fiction Central Library Central Library 01/06/2011 K.K.Pub/2300/9.3.11/77/4.3.11/15.3.11 295.00 351.54 SAR B-422899 1 295.00 English Books Legal Case Register No. 28
    Not For Loan Non-fiction D.B.Act.Division D.B.Act.Division 03/08/2010 DBAD/PUB 295.00 351.54 SAR EN-81414 1 295.00 English Books  
  Written-off vide DLB M. No. 383 dt 16.05.19   Non-fiction Patel Nagar Patel Nagar 01/06/2011 K.K.Pub/2300/9.3.11/77/4.3.11/15.3.11 295.00 351.54 SAR B-422900 1 295.00 English Books  
      Non-fiction Sarojini Nagar Sarojini Nagar 01/06/2011 K.K.Pub/2300/9.3.11/77/4.3.11/15.3.11 295.00 351.54 SAR B-422901 1 295.00 English Books  

© Delhi Public Library
Hit Counter
free hit counter